| 000 | 00942nam a2200265 a 4500 | ||
|---|---|---|---|
| 001 | 28468 | ||
| 003 | BD-RjUL | ||
| 005 | 20211209051304.0 | ||
| 008 | 140330s1970 nyu 001 0 eng d | ||
| 035 | _a(BD-RjUL)28549 | ||
| 040 |
_aBD-RjUL _beng _cBD-RjUL _dBD-RjUL |
||
| 041 | _aeng | ||
| 082 |
_a980 _bQUE 1970 |
||
| 245 | 0 | 4 |
_aThe quest for change in Latin America : _bsources for a twentieth-century analysis / _cedited by W. Raymond Duncan and James Nelson Goodsell |
| 260 |
_aNew York ; _aLondon : _bOxford University Press, _c1970. |
||
| 300 |
_axiv, 562 p. ; _c22 cm |
||
| 504 | _aIncludes index. | ||
| 650 |
_aLatin America _987177 |
||
| 651 | 0 |
_aLatin America _xSocial conditions _987178 |
|
| 651 | 0 |
_aLatin America _xPolitics and government _y20th century _xSources _987179 |
|
| 700 | 1 |
_aDuncan, W. Raymond _q(Walter Raymond), _d1936- _987180 |
|
| 700 | 1 |
_aGoodsell, James Nelson. _987049 |
|
| 942 |
_2ddc _cBK |
||
| 999 |
_c28468 _d28468 |
||